| 000 | 00726nam a2200229 i 4500 | ||
|---|---|---|---|
| 001 | 87124 | ||
| 003 | ES-MaACL | ||
| 005 | 20251207151549.0 | ||
| 007 | t| | ||
| 008 | 041220s1976 sp ||||1| spa d | ||
| 100 | 1 |
_aKocher, Francis. _968413 |
|
| 245 | 1 | 0 |
_aReeducación de los trastornos de lectura _b: (la dislexia) / _cFrancis Kocher ; [traducción por A. Vergara P. ; revisión y notas por H. Pardellans]. |
| 250 | _a[4ª ed.]. | ||
| 260 |
_aBarcelona : _bPlaneta, _c[1976] |
||
| 300 |
_a164 p. ; _c19 cm. |
||
| 490 | 1 |
_aPaideia ; _v32 |
|
| 700 | 1 |
_aVergara P., A. _9114090 |
|
| 700 | 1 |
_aPardellans, H. _988947 |
|
| 830 | 0 |
_aPaideia _v32 _9179731 |
|
| 852 |
_aES-MaACL _jA-6206 _bR.95424 |
||
| 999 |
_c87124 _d87124 |
||